Best Toilet Coverage Quiz Stats

 Plays Quiz Updated Oct 27, 2014

Also try: Countries With 'P'
Challenge
Share
Tweet
Embed
Score 0/37 Timer 10:00
1 Play Today
Relief can be easily found in: % Correct
United States
99%
Canada
95.3%
United Kingdom
94.8%
France
94.7%
Germany
93.4%
Spain
91.7%
Sweden
89.8%
Japan
89.7%
Australia
88.9%
Norway
87.1%
Finland
85.2%
Portugal
83.7%
Denmark
83.7%
Austria
82.7%
Switzerland
81.5%
Netherlands
79.9%
Belgium
79.1%
Iceland
74.3%
Luxembourg
71.1%
Relief can be easily found in: % Correct
South Korea
67.9%
Andorra
65.6%
Monaco
65.1%
Hungary
62.5%
Israel
59%
Slovakia
52.8%
Singapore
51.5%
Slovenia
50.9%
Malta
47.1%
Qatar
46.5%
Bahamas
43.4%
Cyprus
43.1%
Bulgaria
39%
Kuwait
37.5%
Barbados
32.1%
Uruguay
27.6%
Samoa
18.6%
Uzbekistan
15.7%

You're not logged in!

Compare scores with friends on all Sporcle quizzes.
Join for Free
OR
Log In

You Might Also Like...

Show Comments

Extras

Top Quizzes Today


Score Distribution

Your Account Isn't Verified!

In order to create a playlist on Sporcle, you need to verify the email address you used during registration. Go to your Sporcle Settings to finish the process.

Report this User

Report this user for behavior that violates our Community Guidelines.

Details: